000 00347nam a2200133Ia 4500
008 240624s9999 xx 000 0 und d
041 _aeng
082 _a658.3 LAM
100 _aLAMBERT JONAMAY
245 _a50 ACTIVITIES FOR DIVERSITY TRAINING
260 _c2004
_aNew Delhi
_bHRD Press
300 _axi, : 312 : p. : cm. ; 28
365 _cRS
_b32
999 _c11797
_d11797